Inclusive regeneration? (Record no. 65397)

MARC details
000 -LEADER
fixed length control field 01468cam a2200265 4500
001 - CONTROL NUMBER
control field ABS63235
008 - FIXED-LENGTH DATA ELEMENTS--GENERAL INFORMATION
fixed length control field 000000n2000 000 0 eng u
035 ## - SYSTEM CONTROL NUMBER
System control number (Sirsi) u109536
100 ## - MAIN ENTRY--PERSONAL NAME
Personal name Lawless, P
245 ## - TITLE STATEMENT
Title Inclusive regeneration?
260 ## - PUBLICATION, DISTRIBUTION, ETC.
Date of publication, distribution, etc. 2000
490 ## - SERIES STATEMENT
Series statement Town Planning Review
Volume/sequential designation 71(3) July 2000, 289-310(21)
520 ## - SUMMARY, ETC.
Summary, etc. Considers the development of urban policy and investigates the integration of social and economic regeneration. Urban policy in the 1980s tackled physically derelict areas, but failed to improve conditions for people living in very deprived areas. The growth of anti-poverty strategies (APS) in local authorities prompted a revision of urban policy, with the suggestion of a convergence between economic and social regeneration. Article discusses the findings from eight local authority case studies, commissioned by the DOE in 1996 to examine how APS and regeneration policies co-exist, and the potential for developing partnerships. Issues highlighted by this research are considerable and have policy implications for local government, regeneration partnerships and central government. References.
590 ## - LOCAL NOTE (RLIN)
Local note ABS
650 ## - SUBJECT ADDED ENTRY--TOPICAL TERM
Topical term or geographic name entry element CASE STUDIES
650 ## - SUBJECT ADDED ENTRY--TOPICAL TERM
Topical term or geographic name entry element DEPRIVED AREAS
650 ## - SUBJECT ADDED ENTRY--TOPICAL TERM
Topical term or geographic name entry element URBAN POLICY
650 ## - SUBJECT ADDED ENTRY--TOPICAL TERM
Topical term or geographic name entry element LOCAL AUTHORITIES
650 ## - SUBJECT ADDED ENTRY--TOPICAL TERM
Topical term or geographic name entry element URBAN REGENERATION
650 ## - SUBJECT ADDED ENTRY--TOPICAL TERM
Topical term or geographic name entry element ECONOMIC REGENERATION
650 ## - SUBJECT ADDED ENTRY--TOPICAL TERM
Topical term or geographic name entry element SOCIAL REGENERATION
690 ## - LOCAL SUBJECT ADDED ENTRY--TOPICAL TERM (OCLC, RLIN)
Topical term or geographic name as entry element REGENERATION
700 ## - ADDED ENTRY--PERSONAL NAME
Personal name Robinson, D
942 ## - ADDED ENTRY ELEMENTS (KOHA)
Suppress in OPAC 0
Holdings
Withdrawn status Lost status Source of classification or shelving scheme Damaged status Not for loan Home library Current library Shelving location Date acquired Total Checkouts Full call number Barcode Date last seen Copy number Price effective from Koha item type
    Dewey Decimal Classification     London London Journal article 28/11/2000   ABS63235 109536-1001 06/08/2019 1 06/08/2019 Journal article